Conformado de metales

Αποθηκεύτηκε σε:
Λεπτομέρειες βιβλιογραφικής εγγραφής
Κύριος συγγραφέας: Camurri P., Carlos (Συγγραφέας)
Μορφή: Βιβλίο
Γλώσσα:Ισπανικά
Έκδοση: Concepción Universidad de Concepción 1997
Έκδοση:1a. ed
Θέματα:
Ετικέτες: Προσθήκη ετικέτας
Δεν υπάρχουν, Καταχωρήστε ετικέτα πρώτοι!

MARC

LEADER 00000cam a2200000 a 4500
001 UCC6744
003 CL-VaPUC
008 190103e19970000cl |||||||||||||||||spa|d
082 0 4 |a 620.17  |b CAM  |2 21 
100 0 |a Camurri P., Carlos  |e author  |9 601215 
245 1 0 |a Conformado de metales 
250 |a 1a. ed 
300 |a 174 p 
942 |c BK 
945 |d 20190103 17:32:00  |a dcastane 
260 |a Concepción  |b Universidad de Concepción  |c 1997 
650 0 |a Metales   |9 260686 
650 7 |a ESTRUCTURA DE LOS METALES  |2 CL-VaPUC  |9 537774 
583 |a last modification  |c 20190103 17:32:00  |k Rodrigo Vera 
999 |c 373603  |d 373601 
952 |0 0  |1 0  |3 erb  |4 0  |6 620_170000000000000_CAM_1997  |7 0  |8 A  |9 491797  |a BIBING  |b BIBING  |i 5527406  |o 620.17 CAM 1997  |p 5527406  |r 2025-01-20  |w 2019-11-24  |y BK  |z Catalogado en:20190103  |k EIQ